Rudiments of mathematics : (Record no. 41741)

MARC details
000 -LEADER
fixed length control field 00896nam a22002537a 4500
005 - DATE AND TIME OF LATEST TRANSACTION
control field 20100813160727.0
010 ## - LCCN (DPL NO)
LC control number ENG-100058
020 ## - INTERNATIONAL STANDARD BOOK NUMBER
International Standard Book Number 9788189781545
Terms of availability 330.00
020 ## - INTERNATIONAL STANDARD BOOK NUMBER
International Standard Book Number 9789380599168
Terms of availability 330.00
035 ## - SYSTEM CONTROL NUMBER
System control number EN-83590
037 ## - SOURCE OF ACQUISITION
Source of stock number/acquisition DBAD/PUB
082 ## - DEWEY DECIMAL CLASSIFICATION NUMBER
Classification number 510
100 ## - MAIN ENTRY--PERSONAL NAME
Personal name Mukherjee, Manabendra Nath
245 ## - TITLE STATEMENT
Title Rudiments of mathematics :
Statement of responsibility, etc by Manabendra Nath Mukherjee...[et.al]
Remainder of title for class XI /
250 ## - EDITION STATEMENT
Edition statement 6th ed
260 ## - PUBLICATION, DISTRIBUTION, ETC. (IMPRINT)
Place of publication, distribution, etc Kolkatta
Name of publisher, distributor, etc Academic Publishers
Date of publication, distribution, etc 2010
270 ## - ADDRESS
Address 5A Bhawani Dutta Lane
City Kolkatta
Postal code 700073
300 x# - PHYSICAL DESCRIPTION
Extent xxxii,939p.:
Other physical details ill.
Dimensions 24cm (pbk)
Accompanying material 1 CD-Rom
700 ## - ADDED ENTRY--PERSONAL NAME
Personal name Mukhopadhyay, Parthasarathi
9 (RLIN) 12936
700 ## - ADDED ENTRY--PERSONAL NAME
Personal name Roy, Srimanta Sinha
9 (RLIN) 12937
700 ## - ADDED ENTRY--PERSONAL NAME
Personal name Dasgupta, Sri Utpal
9 (RLIN) 12938
942 ## - ADDED ENTRY ELEMENTS (KOHA)
Source of classification or shelving scheme Dewey Decimal Classification
Item type English Books
Classification part 510
Call number suffix MUK
Holdings
Withdrawn status Lost status Not for loan Collection code Home library Current library Date acquired Source of acquisition Cost, normal purchase price Full call number Barcode Copy number Cost, replacement price Koha item type
    Not For Loan Non-fiction D.B.Act.Division D.B.Act.Division 13/08/2010 DBAD/PUB 330.00 510 MUK EN-83590 1 330.00 English Books

© Delhi Public Library
Hit Counter
free hit counter